1095 1210 1637 1448 1707 1601 1321 1973 1000 1161 1448 1321 1211 1622 1331 1690 1342 1714 1714 1333 1844 1427 1919 1481 1800 1501 1185 1426 1012 1597 1770 1770 1187 1090 1647 1322 1356 1654 1149 1194 1778 1197 1518 1360 1671 1875 1244 1552 1128 1333 1066 1265 1405 1698 1053 1504 1587 1794 1324 1636 1112 1435 1154 1789 1631 1058 1779 1119 1243 1739 1708 1128 1944 1400 1076 1262 1546 1545 1686 1985 1456 1012 1367 1418 1949 1907 1399 1952 1957 1610 1387 1222 1570 1634 1101 1573 1662 1792 1717 BCNSPRNW ULIB Ver.6.0+V

เปลี่ยนเป็นภาษาไทย

Change to English
 แสดงรายละเอียดบรรณานุกรม
  กลับหน้าหลัก

Brief Record : Get Marc (ISO 2709) : E-mail record : QR code < ปิดหน้าต่าง
LEADER : 00000nam 2200000uu 4500
001    13399122820
003     ULIB
008    130927s2555||||th 000 0 tha d
020    ^a9786167078304
090    นว.^bภ21พ
100 0  ^aภาคินัย
245 10 ^aพิพิธภัณฑ์ หุ่น หั่น หัว /^cภาคินัย [นามแฝง]
260    ^aกรุงเทพฯ :^bโซฟา พับลิชชิ่ง,^c2555
300    ^a304 หน้า
945    ^p225^l0^i034046
999    ^aเกษร โพธิ์สุวรรณ
รายการนี้ยังไม่มีแท็ก
คุณยังไม่ได้ล็อกอิน คุณสามารถมีกิจกรรมร่วมกับเว็บไซต์ได้ แต่ต้องล็อกอินก่อน ::
  ล็อกอิน

รายการสื่อสารสนเทศ

ลำดับที่ ประเภท เลขเรียก/บาร์โค้ด สถานที่ สถานะ
1. นวนิยาย
นวนิยาย
นว. ภ21พ ฉ.1 
  Barcode: 034046
ห้องสมุดวิทยาเขตสวรรค์ประชารักษ์
►นวนิยาย
บนชั้น
  ขอยืม

รายการใกล้เคียง
    ผู้แต่ง [ภาคินัย]

BibComment


ยังไม่เคยถูกคอมเมนท์

คอมเมนท์ทรัพยากรรายการนี้
  คอมเมนท์: พิพิธภัณฑ์ หุ่น ..


 Copyright 2026. Bcnsprnw @Library